[Event "THA pre olympic qual"]
[Site "Bangkok"]
[Date "2016.05.15"]
[Round "4"]
[White "Kasetchol, Sathit"]
[Black "Kulpruethanon, Thanadon"]
[Result "0-1"]
[WhiteElo "2045"]
[BlackElo "2215"]
[PlyCount "110"]
[EventDate "2016.05.14"]
[EventType "swiss"]
[EventRounds "9"]
[EventCountry "THA"]
[SourceTitle "CBM 172 Extra"]
[Source "ChessBase"]
[SourceDate "2016.06.21"]
[SourceVersion "1"]
[SourceVersionDate "2016.06.21"]
[SourceQuality "1"]

1. d4 d5 2. Nc3 c6 3. Nf3 Bf5 4. Nh4 Bg6 5. Nxg6 hxg6 6. e4 e6 7. exd5 cxd5 8. Bf4 Nc6 9. Qd3 Bd6 10. Bxd6 Qxd6 11. Nb5 Qe7 12. Qg3 Qb4+ 13. Qc3 Qxc3+ 14. bxc3 0-0-0 15. Bd3 a6 16. Na3 Nf6 17. 0-0 Nd7 18. Rfe1 Nb6 19. Re3 Rd6 20. Rae1 Nd8 21. Bf1 Rc6 22. Rb1 Re8 23. Rb4 Re7 24. c4 dxc4 25. Nxc4 Nd5 26. Reb3 Nxb4 27. Rxb4 b5 28. Ne3 Rd6 29. c3 Rc7 30. Rb3 Rdc6 31. Nd1 Nb7 32. a4 bxa4 33. Rb4 Nd6 34. Rxa4 Nb5 35. g3 Nxc3 36. Nxc3 Rxc3 37. Bxa6+ Kd8 38. Bb5 g5 39. Kg2 Ke7 40. Ra5 Kf6 41. Be2 Rd7 42. Ra4 Rc2 43. Kf3 Rb7 44. Ra3 Rbb2 45. Bd3 Rxf2+ 46. Ke4 Rxh2 47. d5 exd5+ 48. Kd4 g6 49. Kxd5 Rh8 50. Bc4 Rd8+ 51. Ke4 Rb4 52. Rf3+ Ke7 53. Rxf7+ Kd6 54. Kd4 Rc8 55. Rf6+ Ke7 0-1

[Event "THA-chT"]
[Site "Bangkok"]
[Date "2015.12.06"]
[Round "5.1"]
[White "Kasetchol, Sathit"]
[Black "Chotitada, Siwawong"]
[Result "1-0"]
[WhiteElo "2023"]
[BlackElo "1616"]
[PlyCount "115"]
[EventDate "2015.12.04"]
[EventType "team-swiss"]
[EventRounds "9"]
[EventCountry "THA"]
[SourceTitle "CBM 170 Extra"]
[Source "ChessBase"]
[SourceDate "2016.02.25"]
[SourceVersion "1"]
[SourceVersionDate "2016.02.25"]
[SourceQuality "1"]
[WhiteTeam "Bangapi Surprise"]
[BlackTeam "Chiang Mai"]
[WhiteTeamCountry "THA"]
[BlackTeamCountry "THA"]

1. c4 e5 2. g3 Nc6 3. Bg2 Nge7 4. Nc3 g6 5. d3 Bg7 6. e4 Nd4 7. Nge2 Nec6 8. 0-0 0-0 9. Be3 d6 10. Qd2 Be6 11. Nd5 Bxd5 12. cxd5 Nxe2+ 13. Qxe2 Ne7 14. Rac1 c6 15. dxc6 Nxc6 16. Qd2 Qd7 17. b4 a6 18. Bb6 Bf6 19. a4 Bd8 20. Be3 b5 21. a5 Bf6 22. Bh3 Qxh3 23. Rxc6 Qd7 24. Rfc1 Rfc8 25. Qc2 Rxc6 26. Qxc6 Qxc6 27. Rxc6 Be7 28. f4 f6 29. Kf2 Kf8 30. Rc7 d5 31. Bc5 Bxc5+ 32. Rxc5 dxe4 33. dxe4 exf4 34. gxf4 Re8 35. Ke3 Re6 36. Rc7 h5 37. h4 Rd6 38. Ra7 Rc6 39. Kd4 Rc4+ 40. Kd5 Rxb4 41. Rxa6 Ra4 42. Rxf6+ Kg7 43. Ra6 b4 44. e5 b3 45. Ra7+ Kf8 46. a6 b2 47. Rb7 Rxa6 48. Rxb2 Ra4 49. Rb8+ Ke7 50. Rb7+ Kf8 51. f5 Ra5+ 52. Ke6 Ra6+ 53. Kd7 Ra5 54. Rb8+ Kf7 55. e6+ Kg7 56. e7 Ra7+ 57. Kd8 Rxe7 58. Kxe7 1-0

[Event "THA-chT"]
[Site "Bangkok"]
[Date "2015.12.05"]
[Round "4.1"]
[White "Arunnuntapanich, Tinnakrit"]
[Black "Kasetchol, Sathit"]
[Result "1-0"]
[WhiteElo "2017"]
[BlackElo "2023"]
[PlyCount "81"]
[EventDate "2015.12.04"]
[EventType "team-swiss"]
[EventRounds "9"]
[EventCountry "THA"]
[SourceTitle "CBM 170 Extra"]
[Source "ChessBase"]
[SourceDate "2016.02.25"]
[SourceVersion "1"]
[SourceVersionDate "2016.02.25"]
[SourceQuality "1"]
[WhiteTeam "Chulalongkorn Univ"]
[BlackTeam "Bangapi Surprise"]
[WhiteTeamCountry "THA"]
[BlackTeamCountry "THA"]

1. e4 c5 2. Nf3 e6 3. d4 cxd4 4. Nxd4 Nf6 5. Nc3 Nc6 6. Nxc6 dxc6 7. Qxd8+ Kxd8 8. Bf4 Nd7 9. 0-0-0 f6 10. e5 Ke8 11. exf6 gxf6 12. Bc4 Nb6 13. Be2 e5 14. Bh5+ Ke7 15. Rhe1 Be6 16. Rxe5 Bh6 17. Rxe6+ Kxe6 18. Re1+ Kd7 19. Bg4+ Kd8 20. Bxh6 Rg8 21. h3 Nc4 22. Rd1+ Kc7 23. Bf4+ Ne5 24. Rd7+ Kb6 25. Be3+ Ka6 26. Be2+ b5 27. Rxh7 Rh8 28. Rxh8 Rxh8 29. a4 Nc4 30. axb5+ cxb5 31. Nxb5 Nxe3 32. fxe3 Kb6 33. Nc3 Kc6 34. Bf3+ Kd7 35. Nd5 Ke6 36. Kd2 Ke5 37. Nb4 Kd6 38. c4 Rh7 39. Kc3 Ke5 40. c5 Rd7 41. Nc6+ 1-0